00490nam a22001697a 4500003000400000008004100004020001800045082001900063100002500082245005700107260003500164300001500199650003400214650004100248650001900289650001200308OSt260627b |||||||| |||| 00| 0 eng d a9781138106765 a631.5209bS33H aSchlegel, Rolf H. J. aHistory of Plant Breeding / cby Rolf H. J. Schlegel a.- Londonb: CRC Pressc, 2018 axvii,312p. aTechnology (Applied Sciences) aAgriculture and Related Technologies aPlant Breeding aHistory